[Event "XLI MIEDZYNARODOWY MEMORIAL LUDWIKA ZAMENHOFA 2022 - open A"]
[Site "Bialystok"]
[Date "1899-12-30"]
[Round "1.1"]
[White "Krzywda, Andrzej"]
[Black "Bernadskiy, Vitaliy"]
[Result "0-1"]
[WhiteTitle "CM"]
[BlackTitle "GM"]
[WhiteElo "2262"]
[BlackElo "2617"]

1. d4 d5 2. c4 e6 3. Nf3 c6 4. g3 dxc4 5. Bg2 Nd7 6. Qc2 b5 7. O-O Bb7 8. b3 cxb3
9. axb3 Ngf6 10. Rd1 Qb6 11. e4 Be7 12. Nc3 h6 13. Be3 Ng4 14. Bf4 e5 15. Nxe5
Ndxe5 16. Bxe5 Nxe5 17. dxe5 Qc5 18. Rac1 Rd8 19. Rxd8+ Bxd8 20. Kh1 Ba5 21. e6
fxe6 22. b4 Bxb4 23. Qb3 Qe7 24. Ne2 c5 25. Nf4 c4 26. Qd1 Qf7 27. Qd4 O-O 28.
Qxa7 Bd2 29. Rc2 c3 30. Nd3 Ra8 0-1

[Event "XLI MIEDZYNARODOWY MEMORIAL LUDWIKA ZAMENHOFA 2022 - open A"]
[Site "Bialystok"]
[Date "1899-12-30"]
[Round "1.2"]
[White "Heberla, Bartlomiej"]
[Black "Rudzinska, Michalina"]
[Result "1-0"]
[WhiteTitle "GM"]
[BlackTitle "WFM"]
[WhiteElo "2568"]
[BlackElo "2256"]

1. Nf3 Nf6 2. c4 e6 3. b3 d5 4. e3 c5 5. Bb2 Nc6 6. cxd5 exd5 7. Bb5 Bd6 8. O-O
O-O 9. d4 cxd4 10. Nxd4 Bd7 11. Nd2 Nxd4 12. Bxd7 Qxd7 13. Bxd4 Ne4 14. Nf3 Ba3
15. Qd3 a6 16. b4 Qa4 17. Rab1 Rac8 18. Qb3 Qxb3 19. Rxb3 Bc1 20. Bc5 Nxc5 21.
bxc5 Rxc5 22. Rxb7 Rfc8 23. Nd4 g6 24. Ra7 Bb2 25. Nb3 R5c6 26. g3 Rd6 27. Rd1
Rc2 28. Rd2 Rxd2 29. Nxd2 Kg7 30. Kf1 Rc6 31. Nb3 Kf6 32. Ke2 h5 33. h3 Be5 34.
Kd3 Rc3+ 35. Kd2 Rc6 36. g4 hxg4 37. hxg4 g5 38. a4 Bc3+ 39. Ke2 Be5 40. Kf3 Ke6
41. Na5 Rb6 42. Nb7 Bf6 43. Nc5+ Kd6 44. Nd7 1-0

[Event "XLI MIEDZYNARODOWY MEMORIAL LUDWIKA ZAMENHOFA 2022 - open A"]
[Site "Bialystok"]
[Date "1899-12-30"]
[Round "1.3"]
[White "Indriunas, Matas"]
[Black "Azarov, Sergei"]
[Result "1-0"]
[WhiteTitle "FM"]
[BlackTitle "GM"]
[WhiteElo "2253"]
[BlackElo "2562"]

1. e4 e5 2. Nf3 Nc6 3. Bb5 a6 4. Ba4 Nf6 5. O-O Be7 6. Re1 b5 7. Bb3 d6 8. c3 O-O
9. h3 h6 10. d4 Re8 11. Nbd2 Bf8 12. Nf1 Bb7 13. Ng3 Na5 14. Bc2 Nc4 15. b3 Nb6
16. Bd2 Rb8 17. Bd3 c5 18. d5 c4 19. bxc4 bxc4 20. Bf1 Qc7 21. Be3 Nfd7 22. Qc1
Nc5 23. Qa3 Nd3 24. Reb1 Nd7 25. Nd2 g6 26. Bxd3 cxd3 27. c4 h5 28. Qxd3 a5 29.
Ne2 Ba6 30. Nc3 Nc5 31. Qc2 Rbc8 32. Nb5 Qd7 33. a4 f5 34. Bxc5 Rxc5 35. Nb3 Rcc8
36. Nxa5 f4 37. Qe2 Qf7 38. Nc6 Ra8 39. Nc3 g5 40. Rb6 Bc8 41. Rab1 g4 42. hxg4
hxg4 43. Kf1 f3 44. Qd3 Qh5 45. gxf3 Bh6 46. Ke2 Kh8 47. Rb8 Rxb8 48. Rxb8 Qh2
49. Rxc8 Rxc8 50. fxg4 Rf8 51. Nd1 Qg2 52. a5 Rf4 53. Qg3 Rxe4+ 54. Kd3 Qh1 55.
g5 Rd4+ 56. Nxd4 Qxd1+ 57. Ke4 Qxd4+ 58. Kf5 Bg7 59. Qh3+ Kg8 60. Kg6 Qa7 61.
Qe6+ Kf8 62. Qc8+ Ke7 63. Kxg7 1-0

[Event "XLI MIEDZYNARODOWY MEMORIAL LUDWIKA ZAMENHOFA 2022 - open A"]
[Site "Bialystok"]
[Date "1899-12-30"]
[Round "1.4"]
[White "Gumularz, Szymon"]
[Black "Waszczuk, Patrycja"]
[Result "1-0"]
[WhiteTitle "GM"]
[BlackTitle "WFM"]
[WhiteElo "2561"]
[BlackElo "2251"]

1. c4 c6 2. Nc3 d5 3. d4 Nf6 4. e3 e6 5. Bd3 Nbd7 6. a3 dxc4 7. Bxc4 b5 8. Ba2
Bb7 9. Nf3 Be7 10. O-O O-O 11. e4 a6 12. Re1 Rc8 13. e5 Nd5 14. Nxd5 cxd5 15.
Bb1 g6 16. Bh6 Re8 17. Qd2 Bf8 18. h4 Bg7 19. h5 Nf8 20. Bd3 Qd7 21. Qf4 Bxh6
22. Qxh6 Qe7 23. Re3 f5 24. exf6 Qxf6 25. Ne5 Qg7 26. Qxg7+ Kxg7 27. hxg6 Nxg6
28. Rg3 Rc7 29. Re1 Bc8 30. Bxg6 hxg6 31. Rxg6+ Kf8 32. Rf6+ Ke7 33. Rf7+ Kd6
34. Rxc7 Kxc7 35. Rc1+ Kb6 36. g4 a5 37. b4 axb4 38. axb4 1-0

[Event "XLI MIEDZYNARODOWY MEMORIAL LUDWIKA ZAMENHOFA 2022 - open A"]
[Site "Bialystok"]
[Date "1899-12-30"]
[Round "1.5"]
[White "Lukasiewicz, Krzysztof"]
[Black "Teclaf, Pawel"]
[Result "0-1"]
[WhiteTitle "FM"]
[BlackTitle "IM"]
[WhiteElo "2250"]
[BlackElo "2555"]

1. d4 Nf6 2. Bf4 b6 3. Nc3 Bb7 4. f3 e6 5. Qd2 Bb4 6. a3 Bxc3 7. Qxc3 Nd5 8. Qd2
Nxf4 9. Qxf4 d6 10. e3 Nd7 11. Bd3 O-O 12. O-O-O Nf6 13. e4 c5 14. dxc5 bxc5 15.
e5 Nd5 16. Qe4 g6 17. c4 Qg5+ 18. Rd2 Nf4 19. Qe3 dxe5 20. Be4 Bxe4 21. fxe4 Rad8
22. Nf3 Rd3 23. Qf2 Rxd2 24. Qxd2 Ne2+ 25. Kc2 Qxg2 26. Re1 Qxf3 27. Rxe2 Rb8
28. Re3 Qf1 29. Rd3 Kg7 30. Qe3 a5 31. Qxc5 Qe2+ 32. Rd2 Rxb2+ 33. Kxb2 Qxd2+
34. Kb3 Qd1+ 35. Ka2 Qc2+ 36. Ka1 Qc3+ 37. Ka2 Qc2+ 38. Ka1 Qxe4 39. Qb5 Qd4+
40. Kb1 e4 41. c5 e3 42. c6 Qe4+ 43. Ka2 e2 44. Qb2+ e5 45. c7 e1=Q 46. c8=Q Qd5+
0-1

[Event "XLI MIEDZYNARODOWY MEMORIAL LUDWIKA ZAMENHOFA 2022 - open A"]
[Site "Bialystok"]
[Date "1899-12-30"]
[Round "1.6"]
[White "Nasuta, Grzegorz"]
[Black "Chyzy, Jakub"]
[Result "0-1"]
[WhiteTitle "GM"]
[BlackTitle "FM"]
[WhiteElo "2546"]
[BlackElo "2247"]

1. e4 e5 2. Nf3 Nc6 3. Bb5 a6 4. Ba4 Bc5 5. c3 Nge7 6. d4 exd4 7. cxd4 Bb4+ 8.
Bd2 Bxd2+ 9. Qxd2 d5 10. exd5 Nxd5 11. Bxc6+ bxc6 12. O-O O-O 13. Ne5 Qd6 14.
Nc3 Nf6 15. Na4 Rd8 16. Qc2 Ng4 17. Qxc6 Qxd4 18. Qxa8 Qxe5 19. g3 Qh5 20. h4
Ne5 21. Rad1 Re8 22. f4 Bd7 23. Qe4 Bc6 24. Rd5 Qg4 25. Kf2 f5 26. Qg2 Nd3+ 27.
Kg1 Ne1 28. Qf2 Re2 29. Rd8+ Kf7 0-1

[Event "XLI MIEDZYNARODOWY MEMORIAL LUDWIKA ZAMENHOFA 2022 - open A"]
[Site "Bialystok"]
[Date "1899-12-30"]
[Round "1.7"]
[White "Mihov, Filip"]
[Black "Krzyzanowski, Marcin"]
[Result "1/2-1/2"]
[WhiteTitle "k"]
[BlackTitle "GM"]
[WhiteElo "2247"]
[BlackElo "2538"]

1. d4 Nf6 2. c4 d6 3. Nc3 e5 4. dxe5 dxe5 5. Qxd8+ Kxd8 6. Nf3 Nc6 7. Bg5 Be6 8.
e3 Kc8 9. Bxf6 gxf6 10. Be2 Bb4 11. Rc1 a5 12. O-O Bxc3 13. Rxc3 Rd8 14. Rd1 Ne7
15. Rcd3 Rxd3 16. Bxd3 h6 17. Nd2 f5 18. Nb1 c6 19. Nc3 Kc7 20. b3 Ng6 21. f3
Nf8 22. Ne2 a4 23. Ng3 Rd8 24. Kf2 Ng6 25. Be2 Ra8 26. b4 a3 27. e4 Ne7 28. exf5
Nxf5 29. Nxf5 Bxf5 30. g4 Be6 31. Ke3 Ra4 32. Rb1 b5 33. Kd2 Kb6 34. Kc3 Ra8 35.
Bd3 f6 36. Re1 Bg8 37. f4 Re8 38. fxe5 fxe5 39. h4 c5 40. cxb5 Bd5 41. Be4 Bxa2
42. Ra1 cxb4+ 43. Kxb4 Rd8 1/2-1/2

[Event "XLI MIEDZYNARODOWY MEMORIAL LUDWIKA ZAMENHOFA 2022 - open A"]
[Site "Bialystok"]
[Date "1899-12-30"]
[Round "1.8"]
[White "Janik, Igor"]
[Black "Janeczko, Jakub"]
[Result "1-0"]
[WhiteTitle "GM"]
[BlackTitle "I++"]
[WhiteElo "2536"]
[BlackElo "2247"]

1. Nf3 Nf6 2. g3 g6 3. b3 Bg7 4. Bb2 O-O 5. Bg2 c5 6. c4 d5 7. cxd5 Qxd5 8. O-O
Qh5 9. d3 Nc6 10. Nbd2 Bh3 11. Rc1 Bxg2 12. Kxg2 Rac8 13. Rc4 b5 14. Rc2 Nb4 15.
Rc1 Nfd5 16. Bxg7 Kxg7 17. a3 Na2 18. Rc2 Nac3 19. Qa1 b4 20. e4 Nf6 21. Nb1 Nb5
22. h3 Nd4 23. Nxd4 cxd4 24. Rxc8 Rxc8 25. Qxd4 e5 26. Qe3 a5 27. axb4 axb4 28.
Rc1 Rxc1 29. Qxc1 Qe2 30. Qd2 Qxd2 31. Nxd2 Nd7 32. Kf3 Nc5 33. Ke3 Ne6 34. f4
f6 35. Nf3 Nc5 36. fxe5 Nxb3 37. d4 fxe5 38. Nxe5 Nc1 39. d5 b3 40. Nc4 Kf7 41.
g4 h5 42. g5 h4 43. Kd2 Na2 44. Ne5+ Ke8 45. Nd3 Ke7 46. e5 Kf7 47. d6 Ke8 48.
e6 Kd8 49. Ne5 b2 50. Nf7+ Kc8 51. d7+ 1-0

[Event "XLI MIEDZYNARODOWY MEMORIAL LUDWIKA ZAMENHOFA 2022 - open A"]
[Site "Bialystok"]
[Date "1899-12-30"]
[Round "1.9"]
[White "Luberanski, Jakub"]
[Black "Dvirnyy, Danyyil"]
[Result "0-1"]
[WhiteTitle "FM"]
[BlackTitle "GM"]
[WhiteElo "2243"]
[BlackElo "2530"]

1. d4 Nf6 2. c4 e6 3. Nc3 Bb4 4. Qc2 O-O 5. a3 Bxc3+ 6. Qxc3 b6 7. Bg5 Bb7 8. e3
h6 9. Bh4 d6 10. f3 c5 11. Bd3 Nbd7 12. Ne2 Rc8 13. b4 cxd4 14. exd4 e5 15. Bf5
g5 16. Bg3 Ba6 17. dxe5 Bxc4 18. Qd2 Re8 19. O-O dxe5 20. Rfd1 Be6 21. Bxe6 Rxe6
22. h4 gxh4 23. Bxh4 Qf8 24. Ng3 Rc4 25. Nf5 Rf4 26. Qc2 e4 27. fxe4 Rexe4 28.
Nd6 Re6 29. Nf5 Re5 30. Bg3 Rfxf5 31. Bxe5 Rxe5 32. Qc7 Qe7 33. Qxa7 Kg7 34. Qb7
Ng4 35. Qf3 Qh4 36. Qh3 Qf2+ 37. Kh1 Ndf6 38. Rf1 Re3 39. Qh2 Qxf1+ 0-1

[Event "XLI MIEDZYNARODOWY MEMORIAL LUDWIKA ZAMENHOFA 2022 - open A"]
[Site "Bialystok"]
[Date "1899-12-30"]
[Round "1.10"]
[White "Olszewski, Michal"]
[Black "Kubicka, Anna"]
[Result "1/2-1/2"]
[WhiteTitle "GM"]
[BlackTitle "WIM"]
[WhiteElo "2521"]
[BlackElo "2217"]

1. Nf3 Nf6 2. c4 e6 3. d4 Bb4+ 4. Nbd2 O-O 5. a3 Be7 6. e4 d6 7. g3 e5 8. Bg2 Re8
9. O-O Bf8 10. b4 exd4 11. Nxd4 c5 12. N4b3 cxb4 13. axb4 Nc6 14. b5 Ne5 15. Bb2
Nd3 16. Bd4 Nc5 17. e5 Nxb3 18. Nxb3 dxe5 19. Bxa7 Qxd1 20. Rfxd1 e4 21. c5 Be6
22. Nd4 Bd5 23. Bh3 Rxa7 24. Rxa7 Bxc5 25. Raa1 g6 26. Rac1 b6 27. Nc2 Bb3 28.
Re1 Ba4 29. Bf1 Ng4 30. Ne3 Ne5 31. Rxc5 bxc5 32. Ra1 Bb3 33. Ra7 Rb8 34. Rc7
c4 35. Nxc4 Rxb5 36. Nxe5 Rxe5 37. Bc4 Bxc4 38. Rxc4 f5 39. Rc7 h6 40. h4 Kf8
41. Kg2 Re7 42. Rc6 Kf7 43. h5 Re6 44. hxg6+ Rxg6 45. Rc7+ Kf6 46. Kf1 Kg5 47.
Rf7 Ra6 48. Rg7+ Kf6 49. Rg8 Ra2 50. Rh8 Kg5 51. Rg8+ Kh5 52. Rg7 Rb2 53. Rg8
Rc2 54. Rg7 Rc6 55. Ke2 Rg6 56. Rb7 Kg4 57. Ke3 Rg8 58. Rc7 h5 59. Rh7 Kg5 60.
Ra7 Rb8 61. Rg7+ Kf6 62. Ra7 Rb3+ 63. Ke2 Kg6 64. Ra8 Rf3 65. Re8 Kg7 66. Re7+
Kf6 67. Rh7 Kg6 68. Re7 h4 69. gxh4 Rh3 70. Re8 Rxh4 71. f3 Rh2+ 72. Kf1 exf3
73. Re3 f2 74. Ra3 Kg5 75. Rb3 Kg4 76. Ra3 f4 77. Rb3 Rh1+ 78. Kxf2 Rh2+ 79. Kf1
Ra2 80. Rc3 1/2-1/2

[Event "XLI MIEDZYNARODOWY MEMORIAL LUDWIKA ZAMENHOFA 2022 - open A"]
[Site "Bialystok"]
[Date "1899-12-30"]
[Round "1.11"]
[White "Smolka, Marcin"]
[Black "Markowski, Tomasz"]
[Result "0-1"]
[WhiteTitle "CM"]
[BlackTitle "GM"]
[WhiteElo "2217"]
[BlackElo "2519"]

1. e4 c5 2. c4 Nc6 3. Nc3 g6 4. Nge2 Bg7 5. d3 d6 6. g3 Nf6 7. Bg2 O-O 8. O-O Bd7
9. h3 Ne8 10. Kh2 Nc7 11. f4 Rb8 12. Rb1 b5 13. b3 bxc4 14. dxc4 Ne6 15. Bb2 Ned4
16. Nxd4 cxd4 17. Ne2 e5 18. Qd2 a5 19. Nc1 Nb4 20. Ba3 f6 21. Nd3 Qb6 22. Rbe1
Na6 23. fxe5 fxe5 24. Qg5 Rfe8 25. h4 Nb4 26. Qd2 Nxd3 27. Qxd3 Rf8 28. Bh3 Bxh3
29. Kxh3 Qa6 30. Rxf8+ Rxf8 31. Rf1 Bh6 32. Rxf8+ Kxf8 33. Qf1+ Ke7 34. Bc1 Qc8+
35. Kg2 Bxc1 36. Qxc1 Kd7 37. Qf1 Ke6 38. Qf3 Qb7 39. h5 Qb4 40. Qg4+ Kf6 41.
Qf3+ Ke7 42. hxg6 hxg6 43. Qg4 Qd2+ 44. Kf1 d3 45. Qxg6 Qe2+ 46. Kg1 d2 47. Qg7+
Kd8 48. Qg8+ Kc7 49. Qf7+ Kb6 50. c5+ Kxc5 51. b4+ Kd4 52. Qa7+ Kc3 0-1

[Event "XLI MIEDZYNARODOWY MEMORIAL LUDWIKA ZAMENHOFA 2022 - open A"]
[Site "Bialystok"]
[Date "1899-12-30"]
[Round "1.12"]
[White "Kosakowski, Jakub"]
[Black "Backiel, Hubert"]
[Result "1-0"]
[WhiteTitle "IM"]
[BlackTitle "k"]
[WhiteElo "2475"]
[BlackElo "2208"]

1. e4 c5 2. Nf3 d6 3. d4 cxd4 4. Nxd4 Nf6 5. Nc3 Nc6 6. Bg5 e6 7. Qd2 a6 8. O-O-O
Bd7 9. Kb1 Be7 10. Nxc6 Bxc6 11. f3 Qc7 12. Bd3 b5 13. Ne2 Rc8 14. h4 h6 15. Be3
Nd7 16. Nd4 Ne5 17. g4 Nxd3 18. cxd3 Bb7 19. h5 Bf6 20. f4 Bxd4 21. Bxd4 e5 22.
Bc3 Qe7 23. g5 Kd7 24. Qe3 Rc6 25. gxh6 Rxh6 26. fxe5 dxe5 27. d4 Kc8 28. d5 Rc4
29. b3 Rc7 30. Ba5 Qc5 31. Qh3+ Kb8 32. Rc1 1-0

[Event "XLI MIEDZYNARODOWY MEMORIAL LUDWIKA ZAMENHOFA 2022 - open A"]
[Site "Bialystok"]
[Date "1899-12-30"]
[Round "1.13"]
[White "Maj, Pawel"]
[Black "Klimkowski, Jan"]
[Result "0-1"]
[WhiteTitle "k"]
[BlackTitle "FM"]
[WhiteElo "2203"]
[BlackElo "2447"]

1. c4 Nf6 2. g3 e5 3. Bg2 c6 4. Nc3 d5 5. d4 e4 6. Bf4 Bd6 7. Bxd6 Qxd6 8. Qb3
O-O 9. Rc1 e3 10. fxe3 Ng4 11. cxd5 Nxe3 12. Bf3 Qh6 13. Kf2 cxd5 14. Re1 Nc6
15. Nd1 Ng4+ 16. Bxg4 Bxg4 17. e3 Rfe8 18. Qc3 Re6 19. h3 Qh5 20. Qd2 Qf5+ 21.
Kg2 Qe4+ 22. Kh2 Bxd1 23. Rxd1 Qxe3 24. Qxe3 Rxe3 25. Rd2 Rae8 26. Kg2 R3e4 27.
Kf2 Rxd4 28. Re2 Rxe2+ 29. Kxe2 Ne5 30. Rh2 Re4+ 31. Kd1 Re3 32. Rg2 g5 33. Ne2
Nf3 34. Nc3 Re1+ 35. Kc2 d4 36. Nb5 Re5 37. Rf2 Ne1+ 38. Kd2 Rxb5 39. Kxe1 Re5+
40. Kd2 Re3 0-1

[Event "XLI MIEDZYNARODOWY MEMORIAL LUDWIKA ZAMENHOFA 2022 - open A"]
[Site "Bialystok"]
[Date "1899-12-30"]
[Round "1.14"]
[White "Licznerski, Lukasz"]
[Black "Rozycki, Bartlomiej"]
[Result "1-0"]
[WhiteTitle "IM"]
[BlackTitle "k++"]
[WhiteElo "2441"]
[BlackElo "2196"]

1. e4 c6 2. d4 d5 3. exd5 cxd5 4. Bd3 Nc6 5. c3 Qc7 6. Ne2 Bg4 7. O-O e6 8. Qe1
Bxe2 9. Qxe2 Bd6 10. g3 Nf6 11. Nd2 O-O 12. f4 a6 13. Nf3 Rfb8 14. Ne5 b5 15.
a3 Qb7 16. g4 Ne7 17. g5 Nd7 18. Bxh7+ Kf8 19. g6 f6 20. Nf7 Bc7 21. Qxe6 Qc6
22. Nd8 1-0

[Event "XLI MIEDZYNARODOWY MEMORIAL LUDWIKA ZAMENHOFA 2022 - open A"]
[Site "Bialystok"]
[Date "1899-12-30"]
[Round "1.15"]
[White "Lach, Aleksandra"]
[Black "Psyk, Radoslaw"]
[Result "1-0"]
[WhiteTitle "WIM"]
[BlackTitle "k++"]
[WhiteElo "2191"]
[BlackElo "2438"]

1. e4 d6 2. Nc3 Nc6 3. Bc4 Nf6 4. d3 a6 5. a4 e6 6. Bg5 Be7 7. Nge2 Nb4 8. Bxf6
Bxf6 9. O-O d5 10. Bb3 O-O 11. d4 a5 12. e5 Be7 13. Nb5 c6 14. Na3 Bd7 15. c3
Na6 16. Nc2 c5 17. Ne3 Qb6 18. Kh1 cxd4 19. cxd4 Nb4 20. f4 Rac8 21. Rf3 f5 22.
Nc3 Kh8 23. Rh3 Be8 24. Nf1 g5 25. fxg5 Bxg5 26. Ne2 Rg8 27. Nd2 Bf7 28. Nf3 Be7
29. Qd2 Rg7 30. Rg1 Qa6 31. Nf4 Rg4 32. Bd1 Qc6 33. Ne1 Rg7 34. Bh5 Qe8 35. Nxe6
Bxh5 36. Qh6 Qg6 37. Rxh5 Qxh6 38. Rxh6 Rg6 39. Rxg6 hxg6 40. Nf4 Bg5 41. g3 Kh7
42. h4 Bh6 43. Kh2 Rc4 44. Nf3 Nc6 45. b3 Rc3 46. Kg2 Bxf4 47. gxf4 Rxb3 48. Rc1
Kh6 49. e6 Kg7 50. Ne5 Rb2+ 51. Kg3 Rb3+ 52. Kf2 Ne7 53. Rc7 Rb2+ 54. Ke3 Kf6
55. Nd7+ Kxe6 56. Nc5+ Kf6 57. Nxb7 Rb3+ 58. Ke2 Rb4 59. Nxa5 Rxa4 60. Nb3 Ra2+
61. Ke3 Rh2 62. Nc5 Rh3+ 63. Ke2 Rh2+ 64. Ke3 Rh3+ 65. Ke2 Rxh4 66. Nd7+ Ke6 67.
Ne5 Rh2+ 68. Ke3 Rh3+ 69. Ke2 Ra3 70. Rb7 Ra6 71. Rc7 Ra2+ 72. Ke3 Ra3+ 73. Ke2
Ra4 74. Rb7 Nc8 75. Nxg6 Rxd4 76. Nf8+ Kd6 77. Ng6 Re4+ 78. Kf3 d4 79. Nh4 Re3+
80. Kf2 Kc6 81. Nxf5 Re4 82. Kf3 Nd6 83. Ra7 Kb6 84. Rd7 Ne8 85. Rd8 Kc7 86. Ra8
Nf6 87. Ra6 d3 88. Rxf6 Re1 89. Rd6 Rd1 90. Ke3 Re1+ 91. Kxd3 Rd1+ 92. Ke4 Re1+
93. Kd5 Rf1 94. Rc6+ Kd7 95. Rc4 Ke8 96. Ke6 Re1+ 97. Kf6 Kd7 98. Rd4+ Kc6 99.
Ne7+ Kc5 100. Rd5+ Kc4 101. Re5 Rc1 102. f5 Kd4 103. Re6 Rh1 104. Ng6 Kd5 105.
Re5+ Kd6 106. Re2 Rf1 107. Rd2+ Kc5 108. Ke6 Rg1 109. Ne5 Rh1 110. f6 Rh6 111.
Rd5+ Kb6 112. Ke7 Kc7 113. Rc5+ Kb6 114. Rc1 Rh5 115. Nd7+ Kb7 116. f7 Rh7 117.
Nf6 Rg7 118. Ke8 1-0

[Event "XLI MIEDZYNARODOWY MEMORIAL LUDWIKA ZAMENHOFA 2022 - open A"]
[Site "Bialystok"]
[Date "1899-12-30"]
[Round "1.16"]
[White "Baum, Jonasz"]
[Black "Salna, Aleksandras"]
[Result "1-0"]
[WhiteTitle "IM"]
[BlackTitle "k"]
[WhiteElo "2420"]
[BlackElo "2191"]

1. d4 Nf6 2. c4 g6 3. Nc3 d5 4. Nf3 Bg7 5. h4 dxc4 6. e4 c5 7. d5 b5 8. h5 Nxh5
9. Nxb5 O-O 10. Bxc4 Nd7 11. Be2 Rb8 12. Kf1 Ba6 13. Nxa7 Bxe2+ 14. Qxe2 Qc7 15.
Nb5 Qa5 16. Na3 Qb4 17. Nc4 Qb5 18. e5 f5 19. b3 Nb6 20. Nxb6 Qxb6 21. Qc4 Qb5
22. Be3 Qxc4+ 23. bxc4 Rfc8 24. Ke2 Rb2+ 25. Kd3 Ra8 26. Bxc5 Rbxa2 27. Rxa2 Rxa2
28. g3 h6 29. Rb1 g5 30. Rh1 g4 31. Nd2 Nxg3 32. fxg3 Bxe5 33. Rh5 Bxg3 34. Rxf5
Be1 35. Ne4 Kg7 36. Bxe7 Kg6 37. Rf6+ Kg7 38. Rf1 Ba5 1-0

[Event "XLI MIEDZYNARODOWY MEMORIAL LUDWIKA ZAMENHOFA 2022 - open A"]
[Site "Bialystok"]
[Date "1899-12-30"]
[Round "1.17"]
[White "Wikar, Martyna"]
[Black "Fus, Jakub"]
[Result "0-1"]
[WhiteTitle "WFM"]
[BlackTitle "FM"]
[WhiteElo "2185"]
[BlackElo "2405"]

1. e4 e6 2. d4 d5 3. Nc3 Nf6 4. e5 Nfd7 5. Nce2 c5 6. c3 Nc6 7. Nf3 a5 8. g3 a4
9. Bg2 a3 10. b3 cxd4 11. cxd4 Bb4+ 12. Bd2 Qa5 13. O-O b6 14. Be3 Ba6 15. Kh1
Rc8 16. Rc1 O-O 17. Rg1 Be7 18. Bd2 Nb4 19. Rxc8 Rxc8 20. Nf4 Nb8 21. Ne1 Qb5
22. Qb1 Qc6 23. h4 Bb5 24. Kh2 N8a6 25. Bh3 Rc7 26. Bg4 Nc2 27. Nf3 Bb4 28. Bxb4
Naxb4 29. Ng5 g6 30. Nxf7 Kxf7 31. Nxe6 Rc8 32. Qc1 Kg8 33. Qh6 Qb7 34. Ng5 Re8
35. Be6+ Rxe6 36. Nxe6 Qe7 37. Nf4 Qf8 38. Qg5 Nxd4 39. Kg2 Nd3 40. Rd1 Nxf4+
41. Qxf4 Qxf4 42. gxf4 Ne2 43. Kf3 d4 44. Rd2 d3 45. Ke3 Kf7 46. f5 gxf5 47. f4
Ke6 48. h5 Nc3 49. h6 Ne4 50. Rd1 d2 51. Rh1 Be8 0-1

[Event "XLI MIEDZYNARODOWY MEMORIAL LUDWIKA ZAMENHOFA 2022 - open A"]
[Site "Bialystok"]
[Date "1899-12-30"]
[Round "1.18"]
[White "Cukrowski, Filip"]
[Black "Daniel, Damian"]
[Result "1-0"]
[WhiteTitle "FM"]
[BlackTitle "CM"]
[WhiteElo "2402"]
[BlackElo "2169"]

1. d4 Nf6 2. c4 e6 3. Nf3 d5 4. g3 dxc4 5. Bg2 Bb4+ 6. Bd2 a5 7. Qc2 Bxd2+ 8. Qxd2
c6 9. a4 Ne4 10. Qc2 Nd6 11. Nfd2 Na6 12. O-O Nb4 13. Qc1 O-O 14. Na3 Qf6 15.
Rd1 e5 16. Naxc4 exd4 17. Nb6 Ra6 18. Nxc8 Rxc8 19. Nb3 c5 20. Bh3 Rcc6 21. Bg2
Rc8 22. Bh3 Rcc6 23. Bd7 Ne4 24. f3 Nxg3 25. hxg3 Qd6 26. Qg5 Qxd7 27. Nxc5 f6
28. Nxd7 fxg5 29. Nb8 Rc2 30. Nxa6 bxa6 31. Rxd4 Rxe2 32. Rc1 h5 33. Rc7 h4 34.
gxh4 gxh4 35. Rdd7 Kh7 36. Rxg7+ Kh6 37. Rg2 Re1+ 38. Kh2 Nd3 39. Rc4 Kh5 40.
Rc8 Ne5 41. Rh8# 1-0

[Event "XLI MIEDZYNARODOWY MEMORIAL LUDWIKA ZAMENHOFA 2022 - open A"]
[Site "Bialystok"]
[Date "1899-12-30"]
[Round "1.19"]
[White "Raczek, Krzysztof"]
[Black "Godzwon, Iwo"]
[Result "1/2-1/2"]
[WhiteTitle "k"]
[BlackTitle "FM"]
[WhiteElo "2161"]
[BlackElo "2391"]

1. c4 Nf6 2. Nc3 c5 3. g3 g6 4. Bg2 Bg7 5. Nf3 O-O 6. O-O Nc6 7. d4 cxd4 8. Nxd4
Nxd4 9. Qxd4 d6 10. Qd2 Qb6 11. b3 Bd7 12. Bb2 Bc6 13. Rac1 Rfc8 14. Rfd1 Nd7
15. Bh3 Rd8 16. Bxd7 Rxd7 17. Nd5 Bxd5 18. Bxg7 Be6 19. Bd4 Qc6 20. Be3 b6 21.
a4 Rad8 22. a5 b5 23. cxb5 Qxb5 24. b4 Bc4 25. Re1 Rb8 26. Qc2 Be6 27. Qc6 Qxc6
28. Rxc6 Rxb4 29. Rc8+ Kg7 30. Ra8 Ra4 31. Rxa7 Rxa7 32. Bxa7 Rxa5 33. Bd4+ f6
34. Ra1 Rb5 35. f3 Rb4 36. Rd1 Bc4 37. Kf2 Kf7 38. e4 Ra4 39. Ra1 Rb4 40. Rd1
f5 41. e5 Rb3 42. exd6 exd6 43. Be3 Ke6 44. Bf4 Bd3 45. Bxd6 Rb2+ 46. Ke3 Be2
47. Rd4 Bb5 48. h4 Rb3+ 49. Kf4 Bc6 50. Kg5 Bxf3 51. Bf4 Bd5 1/2-1/2

[Event "XLI MIEDZYNARODOWY MEMORIAL LUDWIKA ZAMENHOFA 2022 - open A"]
[Site "Bialystok"]
[Date "1899-12-30"]
[Round "1.20"]
[White "Mis, Mieszko"]
[Black "Paprocki, Jaroslaw"]
[Result "1/2-1/2"]
[WhiteTitle "FM"]
[BlackTitle "k++"]
[WhiteElo "2389"]
[BlackElo "2158"]

1. d4 Nf6 2. c4 e6 3. Nc3 Bb4 4. e3 b6 5. Nge2 Bb7 6. a3 Be7 7. Ng3 d5 8. cxd5
Nxd5 9. Bd3 Nxc3 10. bxc3 Bxg2 11. Rg1 Bb7 12. e4 g6 13. Qe2 Nc6 14. Bb2 Qd7 15.
O-O-O Na5 16. Kb1 b5 17. d5 Nc4 18. Bxc4 bxc4 19. Qxc4 exd5 20. Qd4 O-O-O 21.
exd5 Rhe8 22. c4 Qa4 1/2-1/2

[Event "XLI MIEDZYNARODOWY MEMORIAL LUDWIKA ZAMENHOFA 2022 - open A"]
[Site "Bialystok"]
[Date "1899-12-30"]
[Round "1.21"]
[White "Lehaci, Miruna-daria"]
[Black "Bogdanov, Egor"]
[Result "1/2-1/2"]
[WhiteTitle "WIM"]
[BlackTitle "IM"]
[WhiteElo "2155"]
[BlackElo "2381"]

1. e4 g6 2. d4 Bg7 3. Nc3 d6 4. Be3 a6 5. Qd2 Nd7 6. h4 Ngf6 7. f3 b5 8. g4 h6
9. Nh3 Bb7 10. Ne2 c5 11. c3 Qc7 12. Ng3 cxd4 13. cxd4 Rc8 14. Bd3 Nb6 15. b3
e5 16. dxe5 Nfd7 17. f4 dxe5 18. f5 Nf6 19. Nf2 Nfd5 20. Rc1 Qxc1+ 21. Qxc1 Rxc1+
22. Bxc1 Nf4 23. Bb1 O-O 24. Nd3 Rc8 25. Kf2 Nxd3+ 26. Bxd3 Bf8 27. Ke2 Nd7 28.
Bb2 Bb4 29. fxg6 fxg6 30. h5 g5 31. Nf5 Kh7 32. Bb1 Bc3 33. Rd1 Nf8 34. Bxc3 Rxc3
35. Rd8 Rc8 36. Rd6 Rc6 37. Rd8 Rc8 38. Rd6 Rc6 1/2-1/2

[Event "XLI MIEDZYNARODOWY MEMORIAL LUDWIKA ZAMENHOFA 2022 - open A"]
[Site "Bialystok"]
[Date "1899-12-30"]
[Round "1.23"]
[White "Jarocka, Liwia"]
[Black "Malek, Jan"]
[Result "1/2-1/2"]
[WhiteTitle "FM"]
[BlackTitle "m"]
[WhiteElo "2143"]
[BlackElo "2376"]

1. e4 c5 2. Nf3 d6 3. d4 cxd4 4. Nxd4 Nf6 5. Nc3 Nc6 6. Bg5 e6 7. Qd2 a6 8. O-O-O
Bd7 9. f3 Nxd4 10. Qxd4 Be7 11. Kb1 b5 12. h4 Qc7 13. Qd2 b4 14. Ne2 Rc8 15. c4
h6 16. Be3 Qxc4 17. Nd4 Qc7 18. Bxa6 Ra8 19. Rc1 Qa5 20. Bc4 O-O 21. Bb3 Ra6 22.
g4 Rfa8 23. g5 Nh5 24. g6 Bf8 25. gxf7+ Kxf7 26. Rhg1 Nf6 27. Qg2 Qe5 28. Rc7
d5 29. exd5 exd5 30. Bxh6 gxh6 31. Nb5 Ke8 32. Qd2 Bxb5 33. Re1 Bd3+ 34. Ka1 Be4
35. Qc1 Bd6 36. Rc8+ Kd7 37. Rxa8 Rxa8 38. fxe4 Nxe4 39. Qxh6 Qd4 40. Rd1 Qh8
41. Qg6 Nf6 42. Qf7+ Kd8 43. Bxd5 Ra6 44. Bc4 Rb6 45. Qa7 Nd7 46. Be6 Qe8 47.
Bxd7 Qe3 48. Ba4 Kc8 49. Qa8+ Kc7 50. Qg8 Kb7 51. Qd5+ Ka7 52. Bb3 Qe5 53. Qxe5
Bxe5 54. Kb1 Rh6 55. Rh1 Kb6 56. h5 Kc5 57. Bf7 Rf6 58. Bg6 Rf2 59. Bc2 Bg7 60.
h6 Bxh6 61. Rh5+ Kd4 62. Rxh6 Rf1+ 63. Bd1 Rxd1+ 64. Kc2 Ra1 65. Kb3 Kc5 66. Rh5+
Kb6 67. Rh4 Ka5 68. Rg4 Rb1 69. Rg5+ Kb6 70. Rf5 Ka6 71. Rf8 Kb5 72. Rb8+ Ka5
73. Ra8+ Kb5 74. Re8 Ka5 75. Re2 Kb5 76. Rh2 Ka5 77. Rh4 Ra1 78. Rxb4 Rg1 79.
Rc4 Rg3+ 80. Rc3 Rg4 81. a3 Kb5 82. a4+ Ka5 83. Rc5+ Kb6 84. Rb5+ Ka6 85. Ka3
Rg3+ 86. b3 Rg4 87. Rh5 Rf4 88. Rh6+ Ka7 89. a5 Rf1 90. Ka4 Rf4+ 91. b4 Rg4 92.
Rh7+ Ka6 93. Rh6+ Ka7 94. Rf6 Rh4 95. Rg6 Rf4 96. a6 Rf5 97. b5 Rf1 98. Rg7+ Ka8
99. Ka5 Rf5 100. Rc7 Kb8 101. Rc6 Ka7 102. Rh6 Rg5 103. Rh7+ Ka8 104. Kb6 Rg6+
105. Kc7 Ka7 106. Rd7 Rb6 107. Rd5 Rb8 108. Kc6 Rc8+ 109. Kd7 Rc1 110. Rd6 Rc5
111. b6+ Kxa6 112. Rc6 Rh5 113. Re6 1/2-1/2

[Event "XLI MIEDZYNARODOWY MEMORIAL LUDWIKA ZAMENHOFA 2022 - open A"]
[Site "Bialystok"]
[Date "1899-12-30"]
[Round "1.24"]
[White "Risteski, Emil"]
[Black "Kaczmarek, Arkadiusz"]
[Result "1-0"]
[WhiteTitle "FM"]
[BlackTitle "I++"]
[WhiteElo "2373"]
[BlackElo "2141"]

1. e4 c5 2. Nf3 e6 3. d4 cxd4 4. Nxd4 Nc6 5. Nc3 a6 6. Be3 Nf6 7. Qf3 Bb4 8. Bd3
d5 9. exd5 Nxd5 10. Nxc6 bxc6 11. Bd2 O-O 12. O-O Bb7 13. Qe4 g6 14. Bh6 a5 15.
Qe5 f6 16. Qxe6+ Rf7 17. Nxd5 cxd5 18. c3 Bd6 19. Rfe1 Qd7 20. Rad1 Rd8 21. Qxd7
Rfxd7 22. Bb5 Re7 23. Rxe7 Bxe7 24. Be3 Kf7 25. Ba4 Ba6 26. Rd2 Rb8 27. Bc6 Bc4
28. b3 Rc8 29. Bb7 Rc7 30. Bxd5+ Bxd5 31. Rxd5 a4 32. c4 Ke6 33. Kf1 axb3 34.
axb3 Rb7 35. Rb5 Rxb5 36. cxb5 Kd5 37. Ke2 Bb4 38. Kd3 Bd6 39. g3 f5 40. b6 Kc6
41. Kc4 Kd5+ 1-0